000 01367nam a22002417a 4500
003 OSt
005 20250506151644.0
008 250506b ||||| |||| 00| 0 spa d
020 _a9786075576053
040 _cCO-Mq BPB
041 _aspa
082 _aAN
_bZWEn
100 _aZweig, Stefan
_eautor
245 _aNovela de ajedrez
264 _aMéxico;
_bGran Travesía;
_c2022
300 _a94 páginas;
_bTapa dura
_c22 cm
521 _aquerer jugar contra uno mismo constituye en ajedrez una paradoja similar a querer saltar sobre la propia sombra . Cuando unos pasajeros descubren que el actual campeón mundial de ajedrez, Mirko Czentovic, está a bordo de un crucero que se dirige de Nueva York a Buenos Aires, un compañero de viaje lo reta a una partida. Czentovic, hombre arrogante y antipático para todos, lo derrota fácilmente, pero durante la revancha, un misterioso pasajero de origen austriaco, el Dr. B., interviene y, para sorpresa de todos, ayuda a que la partida llegue a tablas. Cuando, al día siguiente, el Dr. B. confía el secreto acerca de cómo llegó a poseer su extraordinaria comprensión del ajedrez, el relato se desarrolla en una sorprendente historia de encierro y obsesión psicológica.
650 _aAntologías
650 _aNarrativa
650 _aRelato
700 _aMagnus, Ariel
_etraductor
942 _2ddc
_cBKLIT
999 _c15932
_d15932